Cartilla declaracin̤ de renta Personas Jurd̕icas 2017 /

Detalles Bibliográficos
Autor principal: Chavarro Cadena, Jorge Enrique
Formato: eBook
Lenguaje:español
Publicado: Bogot:̀ Editorial Nueva Legislacin̤, 2017
Materias:
Acceso en línea:Acceso restringido

MARC

LEADER 00000nam a22000007a 4500
005 20170903230335.0
007 cr|||| ||||
008 170903s2017 co |||||s|||| 00||0 spa d
020 |a 978-958-59214-6-4 
035 |a 20488 
040 |a vLex 
090 |c 6905  |d 6905 
100 1 |a Chavarro Cadena, Jorge Enrique 
245 1 0 |a Cartilla declaracin̤ de renta  |h [Recurso electrn̤ico] :  |b Personas Jurd̕icas 2017 /  |c Jorge Enrique Chavarro Cadena 
256 |a Servicio en ln̕ea 
260 |a Bogot:̀  |b Editorial Nueva Legislacin̤,  |c 2017 
300 |a 1 recurso electrn̤ico 
506 1 |a Disponible solo en los productos indicados  |d vLex Global  |d vLex Global (Academic Edition, excluding Law Schools)  |d vLex Global (U.S. Academic Edition, Law Schools)  |d vLex Global (U.S. Academic Edition, excluding Law Schools)  |d vLex Global (Academic Edition, Law Schools) 
650 0 4 |a Derecho Fiscal  |z Colombia 
740 0 |a vLex Libros (Servicio en ln̕ea) 
856 4 0 |u http://vlex.com/source/cartilla-declaracion-de-renta-personas-juridicas-2017-20488  |z Acceso restringido 
942 |c BOOK 
999 0 |a Tax Law